000 00331nam a2200145Ia 4500
005 20251222144735.0
008 251222s9999||||xx |||||||||||||| ||spa||
020 _a958-04-6198-8
082 _a943.086/M95
100 _aMuchnik, Daniel
245 0 _aNegocios son Negocios:
250 _a2a.ed.
264 _bNorma
942 _cLIB
999 _c18752
_d18752